00854nam a2200241 a 450000100060000000300080000600500170001400800410003103500190007204000270009104100080011808200260012624501000015226000660025230000330031850000190035165000220037070000240039270000250041694200120044199900170045395201420047062283BD-RjUL20211209081050.0170123m19671962njua 001 0 eng d a(BD-RjUL)62409 aDLCcDLCdBD-RjULbeng aeng00a796.332223bCHA 196710aChampionship football :bby 12 great coaches /cCompiled and edited by Tom Ecker and Paul Jones aEnglewood Cliffs, N.J.,bPrentice-Hall,c1962 [Printing 1967] aix, 262 p. :bill. ;c24 cm. aInclude index. 0aFootball.91852491 aEcker, Tom 91852501 aJones, Paul 9185251 2ddccBK c62283d62283 00102ddc40718NFICaRUCLbRUCLcReadingd1970-10-22esweit & zeitlingerl0o796.332 CHA 1967r2017-01-23 00:00:00tC-1w2017-01-23yBK